Fenomenologa̕ criminal y criminologa̕ comparada

Detalles Bibliográficos
Autor principal: Herrero Herrero, Cšar
Formato: eBook
Lenguaje:español
Publicado: Madrid : Dykinson, 2011
Materias:
Acceso en línea:Acceso restringido

MARC

LEADER 00000nam a22000007a 4500
005 20131218175446.0
007 cr|||| ||||
008 131218s2011 sp |||||s|||| 00||0 spa d
020 |a 978-84-9031-682-5 
035 |a 11713 
040 |a vLex 
090 |c 4646  |d 4646 
100 1 |a Herrero Herrero, Cšar 
245 1 0 |a Fenomenologa̕ criminal y criminologa̕ comparada  |h [Recurso electrn̤ico] /  |c Cšar Herrero Herrero 
256 |a Servicio en ln̕ea 
260 |a Madrid :  |b Dykinson,  |c 2011 
300 |a 1 recurso electrn̤ico 
506 1 |a Contenido solo disponible en los productos indicados  |d vLex Global  |d vLex Global (Academic Edition, excluding Law Schools)  |d vLex Global (U.S. Academic Edition, Law Schools)  |d vLex Global (U.S. Academic Edition, excluding Law Schools)  |d vLex Global (Academic Edition, Law Schools) 
650 0 4 |a Criminologia 
740 0 |a vLex Libros (Servicio en ln̕ea) 
856 4 0 |u http://vlex.com/source/fenomenologia-criminal-y-criminologia-comparada-11713  |z Acceso restringido 
942 |c BOOK 
999 |a Criminology